书目信息 |
| 题名: |
清香型白酒生产技术
|
|
| 作者: | 康明官 编著 | |
| 分册: | ||
| 出版信息: | 北京 化学工业出版社 2005.04 |
|
| 页数: | 332页 | |
| 开本: | 21cm | |
| 丛书名: | ||
| 单 册: | ||
| 中图分类: | TS262.3 | |
| 科图分类: | ||
| 主题词: | 白酒--酿造 | |
| 电子资源: | ||
| ISBN: | 7-5025-6747-X | |
| 000 | 00875nam0 2200229 450 | |
| 001 | 010265646519 | |
| 005 | 20051021092152.06 | |
| 010 | @a7-5025-6747-X@dCNY28.00 | |
| 100 | @a20051021d2005 km y0chiy0120 ea | |
| 101 | 0 | @achi |
| 102 | @aCN@b110000 | |
| 105 | @aa a 000yy | |
| 200 | 1 | @a清香型白酒生产技术@Aqing xiang xing bai jiu sheng chan ji shu@f康明官编著@Fkang ming guan bian zhu |
| 210 | @a北京@c化学工业出版社@d2005.04 | |
| 215 | @a332页@c图@d21cm | |
| 320 | @a有书目 (第332页)。 | |
| 330 | @a本书是一部完整介绍各类清香型白酒生产技术的实用技术类图书,凝聚了作者几十年来产、学、研的成果和经验,其内容涵盖大曲清香型白酒、小曲清香型白酒、根霉麸曲清香型白酒、麸曲清香型白酒四大支系,填补了此类图书的空白。 | |
| 606 | 0 | @a白酒@x酿造 |
| 690 | @aTS262.3@v4 | |
| 701 | 0 | @a康明官@Akang ming guan@4编著 |
| 801 | 0 | @aCN@bQSSK@c20051021 |
| 905 | @a10447@dTS262.3@eK261 | |
| 清香型白酒生产技术/康明官编著.-北京:化学工业出版社,2005.04 |
| 332页:图;21cm |
| ISBN 7-5025-6747-X:CNY28.00 |
| 本书是一部完整介绍各类清香型白酒生产技术的实用技术类图书,凝聚了作者几十年来产、学、研的成果和经验,其内容涵盖大曲清香型白酒、小曲清香型白酒、根霉麸曲清香型白酒、麸曲清香型白酒四大支系,填补了此类图书的空白。 |
| ● |
| 相关链接 |
|
|
|
正题名:清香型白酒生产技术
索取号:TS262.3/K261
 
预约/预借
| 序号 | 登录号 | 条形码 | 馆藏地/架位号 | 状态 | 备注 |
| 1 | 575361 | 205753610 | 期刊室512/501自科库 42排2列5层/ [索取号:TS262.3/K261] | 在馆 | |
| 2 | 575362 | 205753629 | 自科库501/501自科库 42排2列5层/ [索取号:TS262.3/K261] | 在馆 | |
| 3 | 575363 | 205753638 | 自科库501/501自科库 42排2列5层/ [索取号:TS262.3/K261] | 在馆 |